| 000 | 00490nam a2200157 a 4500 | ||
|---|---|---|---|
| 001 | 000030615 | ||
| 005 | 20200930062418.0 | ||
| 008 | 110525s1943 dr c r 000 p spa d | ||
| 040 |
_aDO-SdBNP _bspa _cBNPHU |
||
| 082 |
_axxxx _bV635g |
||
| 100 | 1 |
_aVicioso, Juan Antonio _957206 |
|
| 245 | 1 | 0 |
_aGuazábara : _bcuento / _cJuan Antonio Vicioso. |
| 260 |
_aSantiago, República Dominicana : _bEditorial El Diario, _c1943. |
||
| 300 |
_a28 p. : _bretrs. ; _c20 cm. |
||
| 586 | _aPremio de prosa 1942. | ||
| 999 |
_c30107 _d30107 |
||